Arthabigyanar mul tattba (Record no. 8396)

MARC details
000 -LEADER
fixed length control field 00544cam a2200217ua 4500
008 - FIXED-LENGTH DATA ELEMENTS--GENERAL INFORMATION
fixed length control field 150623n ii |||gr||||Z||||||asm
020 ## - INTERNATIONAL STANDARD BOOK NUMBER
International Standard Book Number 8176800147
040 ## - CATALOGING SOURCE
Transcribing agency MAIN
041 ## - LANGUAGE CODE
-- asm
082 ## - DEWEY DECIMAL CLASSIFICATION NUMBER
Classification number 330.01
100 ## - MAIN ENTRY--PERSONAL NAME
Personal name Goswami, Atul,
Relator term
245 1# - TITLE STATEMENT
Title Arthabigyanar mul tattba
Statement of responsibility, etc. by Atul Goswami
250 ## - EDITION STATEMENT
Edition statement 8th rev. & enl. ed.
260 ## - PUBLICATION, DISTRIBUTION, ETC.
Place of publication, distribution, etc. Guwahati:
Name of publisher, distributor, etc. Shanti prakashan,
Date of publication, distribution, etc. 2012.
300 ## - PHYSICAL DESCRIPTION
Extent xvi, 496p.
700 ## - ADDED ENTRY--PERSONAL NAME
Personal name Goswami, Deepak,
Relator term
942 ## - ADDED ENTRY ELEMENTS (KOHA)
Koha item type Books
653 ## - INDEX TERM--UNCONTROLLED
Uncontrolled term Economics
653 ## - INDEX TERM--UNCONTROLLED
Uncontrolled term Economic theory
Holdings
Withdrawn status Lost status Damaged status Not for loan Home library Current library Shelving location Date acquired Total Checkouts Full call number Barcode Date last seen Date last checked out Copy number Price effective from Koha item type
        Central Library, Naharkatiya College Central Library, Naharkatiya College General Stacks 19/09/2020 3 330.01Economic theory | GOS 22862 17/12/2024 06/12/2024 1 19/09/2020 Books

Naharkatiya College © 2020. All rights reserved.

Powered By